000 00332nam a2200157Ia 4500
100 _aThanekar/ Pankaj
490 _v2
942 _cBK
654 _amathematics I
245 _aApplied Mathematics-I
260 _bStudents book depot
_aMumbai
_c1996
082 _a519
_bTHA
300 _a472
546 _aENGLISH
999 _c21710
_d21710